LEADER 00986cam--2200325---450 001 990003473530203316 005 20200715065738.0 010 $a978-88-6259-248-2 035 $a000347353 035 $aUSA01000347353 035 $a(ALEPH)000347353USA01 035 $a000347353 100 $a20101201d2010----km-y0itay50------ba 101 0 $aita 102 $aIT 105 $a||||||||001yy 200 1 $aCultura digitale$ebiblioteche, internet, libri e nuove tecnologie$edieci anni di articoli, 2000-2009$fFabio Di Giammarco 210 $aMacerata$cSimple$d2010 215 $a184 p.$d20 cm 300 $aGià pubblicati in vari periodici 606 0 $aBiblioteche$xImpiego [del] World Wide Web$2BNCF 676 $a025.002854678 700 1$aDI GIAMMARCO,$bFabio$0609103 801 0$aIT$bsalbc$gISBD 912 $a990003473530203316 951 $aI.2.B. 770$b229488 L.M.$cI.2.B.$d00284531 959 $aBK 969 $aUMA 996 $aCultura digitale$91112339 997 $aUNISA LEADER 00983nam a2200241 i 4500 001 991001570509707536 008 060406s2004 it a 001 0 d 020 $a8849803990 035 $ab13393017-39ule_inst 040 $aDip.to Filologia Class. e Scienze Filosofiche$bita 082 $a271 245 00$aDocumenti florensi :$bAbbazia di Fonte Laurato e altri monasteri dell'Ordine /$ca cura di Pietro De Leo 260 $aSoveria Mannelli :$bRubbettino,$c2004 300 $aXII, 165 p., [14] p. di tav.:$bill. ; 35 cm 440 0$aCodice diplomatico della Calabria.$pSerie prima ;$v2.,2 650 4$aOrdini religiosi 700 1 $aDe Leo, Pietro 907 $a.b13393017$b05-04-12$c06-04-06 912 $a991001570509707536 945 $aLE007 270 DEL 01.01$g1$i2007000102152$lle007$nLE007 2006 Arcuti$op$pE45.00$q-$rl$s- $t0$u1$v1$w1$x0$y.i14218343$z06-04-06 996 $aDocumenti florensi$91090987 997 $aUNISALENTO 998 $ale007$b - - $cm$da $e-$fita$git $h0$i0